000 00700nam a2200217Ia 4500
001 7472
003 GE_BSU
008 181216s||||||||xx |||||||||||||| ||und||
040 _cGE_BSU
080 _a624.97(075.32)
100 _aЕгиазаров,А.Г.
245 _aИзготовление и монтаж систем промышленной вентиляции.
245 _bУчеб. пособ.
245 _cРед. Т.И.Рычек.
260 _aМ.
260 _bВысшая школа.
260 _c1965.
300 _a276стр.22см.с илл.
653 _aИзготовление и монтаж систем промышленной вентиляции.
942 _cBK
999 _c40832
_d40832